| 000 | 00428nam a2200157 4500 | ||
|---|---|---|---|
| 001 | 117737 | ||
| 003 | ES-MaACL | ||
| 005 | 20230906190948.0 | ||
| 007 | t| | ||
| 008 | 070214s1933 cu r ||||1| spa d | ||
| 100 | 1 |
_aPedroso, Regino. _989954 |
|
| 245 | 1 | 0 |
_aNosotros _b: poemas / _cRegino Pedroso. |
| 260 |
_aLa Habana : _b[s.n.], _c1933 ( _f`Editorial TrĂ³pico`) |
||
| 300 |
_a70 p. ; _c23 cm. |
||
| 852 |
_aES-MaACL _j1824-F-1 |
||
| 999 |
_c117737 _d117737 |
||